<?xml version="1.0" encoding="UTF-8"?>
<marc:record xmlns:marc="http://www.loc.gov/MARC21/slim">
   <marc:leader>00000nam a2200000 a 4500</marc:leader>
   <marc:datafield ind1="1" ind2=" " tag="100">
      <marc:subfield code="a">Sandgruber, Roman</marc:subfield>
      <marc:subfield code="4">aut</marc:subfield>
      <marc:subfield code="e">Verfasser/-in</marc:subfield>
   </marc:datafield>
   <marc:datafield ind1="0" ind2="0" tag="245">
      <marc:subfield code="a">Rothschild</marc:subfield>
   </marc:datafield>
   <marc:datafield ind1="0" ind2="0" tag="245">
      <marc:subfield code="b">Glanz und Untergang des Wiener Welthauses</marc:subfield>
   </marc:datafield>
   <marc:datafield ind1="0" ind2="0" tag="245">
      <marc:subfield code="c">Roman Sandgruber</marc:subfield>
   </marc:datafield>
   <marc:datafield ind1=" " ind2="1" tag="264">
      <marc:subfield code="a">Wien [u.a.]</marc:subfield>
      <marc:subfield code="b">Molden</marc:subfield>
      <marc:subfield code="c">2018</marc:subfield>
   </marc:datafield>
   <marc:datafield ind1=" " ind2=" " tag="250">
      <marc:subfield code="a">1. Auflage</marc:subfield>
   </marc:datafield>
   <marc:datafield ind1="1" ind2=" " tag="520">
      <marc:subfield code="a">Die Nachkommen von Mayer Amschel Rothschild erobern die europäische Finanzwelt: Salomon Rothschild steigt im Vormärz zum führenden Bankier Österreichs auf, Sohn Anselm Salomon gründet die Creditanstalt, Enkel Albert ist der reichste Mann Europas. Die Rothschilds werden zu Freiherren und Baronen, finanzieren Staaten, Kriege, Fabriken und den Eisenbahnbau, sind Mäzene und Sammler. Das "Welthaus Rothschild" besitzt bis 1914 die größte Bank der Welt. Gestützt auf umfangreiche Recherchen im Londoner Rothschild-Archiv zeichnet Roman Sandgruber ein meisterhaftes Bild vom Aufstieg der Familie und dem Schicksal ihres österreichischen Zweigs. Er schildert Geschäfte und Transaktionen, Skandale und Dramen und lässt die einzigartige Erfolgsgeschichte dieser jüdisch-großbürgerlichen Familie wieder lebendig werden.</marc:subfield>
   </marc:datafield>
   <marc:datafield ind1=" " ind2=" " tag="020">
      <marc:subfield code="a">9783222150241</marc:subfield>
      <marc:subfield code="9">9783222150241</marc:subfield>
   </marc:datafield>
   <marc:datafield ind1=" " ind2=" " tag="020">
      <marc:subfield code="a">3222150249</marc:subfield>
      <marc:subfield code="9">3222150249</marc:subfield>
   </marc:datafield>
   <marc:datafield ind1=" " ind2=" " tag="300">
      <marc:subfield code="a">527 Seiten : Illustrationen</marc:subfield>
   </marc:datafield>
</marc:record>
